| 000 | 00550cam a2200217ua 4500 | ||
|---|---|---|---|
| 001 | 9472 | ||
| 008 | 150930n ii |||gr||||Z||||||asm | ||
| 040 | _cMAIN | ||
| 041 | _aasm | ||
| 082 | _a370 | ||
| 100 |
_aDas, Phunu, _eAuthor. |
||
| 245 | 1 |
_aUchchatar madhyamik shiksha _cby Phunu Das |
|
| 250 | _a1st ed. /rep. | ||
| 260 |
_aGuwahati: _bShanti prakashan, _c2010. |
||
| 300 | _a184p. | ||
| 653 | _aEducation | ||
| 653 | _aHigh secondary education | ||
| 700 |
_aJyotirani Borah, _eAuthor. |
||
| 700 |
_aDas, Dipul Kr., _eAuthor. |
||
| 942 | _cBK | ||
| 999 |
_c8520 _d8520 |
||